000
00249 a2200097 4500
001
12891
100
_a
Imtiaz Ahmad
245
_a
How Islam touched their hearts ( International muslim youth)
260
_a
_b
Madina Munawwara
_c
090
_c
9869
_d
9869
942
_a
NUST-CAE
_c
M
_c
36787
999
_c
247964
_d
247964